[Event "2. Bundesliga West 2019/20"]
[Site "Hotel Montfort, Galuragasse 7, 6800 Fekdkirch"]
[Date "2019.11.23"]
[Round "4"]
[Board "5"]
[White "Babinetz, Rainer"]
[Black "Mueller, Philipp"]
[Result "0-1"]
[WhiteElo "1955"]
[BlackElo "2135"]
[PlyCount "66"]
[EventDate "2019.10.04"]
[EventType "team"]
[EventRounds "11"]
[EventCountry "AUT"]
[WhiteTeam "Rochade/Rum"]
[BlackTeam "Royal Salzburg"]

1. e4 c5 2. d4 cxd4 3. c3 dxc3 4. Nxc3 Nc6 5. Nf3 e6 6. Bc4 a6 7. O-O Nge7 8.
Bg5 f6 9. Be3 b5 10. Bb3 Ng6 11. Qe2 Be7 12. Rfd1 Qc7 13. Rac1 Qb8 14. h4 Na5
15. Bc2 Nc4 16. h5 Nxe3 17. Qxe3 Ne5 18. Bb3 Nxf3+ 19. Qxf3 Qe5 20. Re1 Bb7 21.
Qg4 O-O 22. f4 Qc5+ 23. Kh1 f5 24. Qg3 fxe4 25. Nxe4 Qxh5+ 26. Kg1 Bh4 27. Qh3
Rxf4 28. Ng3 Qg5 29. Re3 Raf8 30. Rc7 Rg4 31. Rxe6 Kh8 32. Re5 Qxe5 33. Qxg4
Bxg3  0-1

[Event "2. Bundesliga West 2019/20"]
[Site "Hotel Montfort, Galuragasse 7, 6800 Fekdkirch"]
[Date "2019.11.23"]
[Round "4"]
[Board "1"]
[White "Shengelia, David"]
[Black "Brumen, Dinko"]
[Result "0-1"]
[WhiteElo "2531"]
[BlackElo "2317"]
[PlyCount "74"]
[EventDate "2019.10.04"]
[EventType "team"]
[EventRounds "11"]
[EventCountry "AUT"]
[WhiteTeam "Absam"]
[BlackTeam "Schwarzach"]

1. d4 Nf6 2. c4 e6 3. Nc3 d5 4. Nf3 Nbd7 5. Bg5 c6 6. e3 Qa5 7. cxd5 exd5 8.
Bd3 Ne4 9. O-O Nxg5 10. Nxg5 Nf6 11. e4 h6 12. e5 hxg5 13. exf6 gxf6 14. Re1+
Be7 15. Qf3 Qc7 16. g3 Kf8 17. Rac1 Qd7 18. Qe2 Bd6 19. f3 Kg7 20. Nd1 Qc7 21.
Qf2 Be6 22. Ne3 Rh6 23. Bf5 Rah8 24. Bxe6 fxe6 25. Ng4 Rxh2 26. Qe3 Bb4 27. f4
Rh1+ 28. Kg2 Rxe1 29. Rxe1 Bxe1 30. Qxe6 Qf7 31. Qxe1 Qe8 32. Qb4 Qe4+ 33. Kf2
Re8 34. Ne5 fxe5 35. Qxb7+ Kf8 36. Qb4+ Kg8 37. Qd6 exd4  0-1

[Event "2. Bundesliga West 2019/20"]
[Site "Hotel Montfort, Galuragasse 7, 6800 Fekdkirch"]
[Date "2019.11.23"]
[Round "4"]
[Board "2"]
[White "Ruecker, Benjamin"]
[Black "Lehner, Oliver"]
[Result "0-1"]
[WhiteElo "2238"]
[BlackElo "2412"]
[PlyCount "70"]
[EventDate "2019.10.04"]
[EventType "team"]
[EventRounds "11"]
[EventCountry "AUT"]
[WhiteTeam "Schwarzach"]
[BlackTeam "Absam"]

1. c4 g6 2. Nc3 Bg7 3. d4 Nf6 4. e4 d6 5. h3 O-O 6. Be3 Na6 7. g4 e5 8. d5 Nc5
9. f3 a5 10. Qd2 Ne8 11. Nge2 f5 12. exf5 gxf5 13. O-O-O a4 14. Bg5 Qd7 15. Ng3
Qf7 16. Nh5 f4 17. Nxg7 Qxg7 18. Bh4 Nf6 19. Bf2 b6 20. Bxc5 bxc5 21. Bd3 Bd7
22. Qc2 Rfb8 23. Rdg1 Rb4 24. h4 Rab8 25. Rg2 e4 26. fxe4 f3 27. Rd2 Rxb2 28.
Qxb2 Rxb2 29. Kxb2 Nxg4 30. h5 Qd4 31. Rh3 Qe3 32. Kc2 Qf4 33. Rh1 Ne3+ 34. Kc1
f2 35. Bf1 Qf3  0-1

[Event "2. Bundesliga West 2019/20"]
[Site "Hotel Montfort, Galuragasse 7, 6800 Fekdkirch"]
[Date "2019.11.23"]
[Round "4"]
[Board "3"]
[White "Tica, Sven"]
[Black "Roeberg, Frank"]
[Result "1-0"]
[WhiteElo "2418"]
[BlackElo "2194"]
[PlyCount "45"]
[EventDate "2019.10.04"]
[EventType "team"]
[EventRounds "11"]
[EventCountry "AUT"]
[WhiteTeam "Absam"]
[BlackTeam "Schwarzach"]

1. d4 Nf6 2. c4 c5 3. d5 b5 4. cxb5 a6 5. e3 axb5 6. Bxb5 Qa5+ 7. Nc3 Bb7 8.
Bd2 Qb6 9. Nf3 Nxd5 10. Nxd5 Bxd5 11. a4 e6 12. Bc3 Be7 13. O-O O-O 14. Ne5 d6
15. Nc4 Qb7 16. e4 Bxe4 17. Nxd6 Bxd6 18. Qxd6 Qd5 19. Qg3 f6 20. Rfd1 Qb3 21.
Qd6 Bd5 22. h4 Rc8 23. Rd2  1-0

[Event "2. Bundesliga West 2019/20"]
[Site "Hotel Montfort, Galuragasse 7, 6800 Fekdkirch"]
[Date "2019.11.23"]
[Round "4"]
[Board "4"]
[White "Hecht, Hans-Joachim"]
[Black "Deglmann, Ludwig"]
[Result "1/2-1/2"]
[WhiteElo "2311"]
[BlackElo "2258"]
[PlyCount "59"]
[EventDate "2019.10.04"]
[EventType "team"]
[EventRounds "11"]
[EventCountry "AUT"]
[WhiteTeam "Schwarzach"]
[BlackTeam "Absam"]

1. d4 f5 2. g3 Nf6 3. Bg2 g6 4. Nh3 Bg7 5. c3 Nc6 6. Nd2 d5 7. Nf3 Ne4 8. Nf4
e6 9. Nd3 Nd6 10. Bg5 Bf6 11. Bxf6 Qxf6 12. Nfe5 Bd7 13. f4 Qe7 14. O-O O-O 15.
Nxc6 Bxc6 16. Ne5 Bb5 17. b3 Nf7 18. Nxf7 Rxf7 19. Rc1 Bc6 20. c4 Qd6 21. e3
dxc4 22. Bxc6 Qxc6 23. Rxc4 Qe4 24. Rc3 Rd8 25. Qc2 Qxc2 26. Rxc2 c6 27. Rfc1
Rd5 28. Kf2 Rfd7 29. Rc5 Kf7 30. Kf3  1/2-1/2

[Event "2. Bundesliga West 2019/20"]
[Site "Hotel Montfort, Galuragasse 7, 6800 Fekdkirch"]
[Date "2019.11.23"]
[Round "4"]
[Board "5"]
[White "De Francesco, Klaus"]
[Black "Ljubic, Juro"]
[Result "1/2-1/2"]
[WhiteElo "2276"]
[BlackElo "2162"]
[PlyCount "139"]
[EventDate "2019.10.04"]
[EventType "team"]
[EventRounds "11"]
[EventCountry "AUT"]
[WhiteTeam "Absam"]
[BlackTeam "Schwarzach"]

1. d4 Nf6 2. Nf3 e6 3. Bg5 c5 4. e3 h6 5. Bh4 Be7 6. Nbd2 b6 7. c3 cxd4 8. exd4
O-O 9. Bd3 Ba6 10. Bxa6 Nxa6 11. O-O d6 12. a4 Nh5 13. Bxe7 Qxe7 14. Re1 Nf6
15. Qb3 Nc7 16. Nf1 Qd7 17. Ng3 Rab8 18. Qc2 Ncd5 19. Qd2 Qc6 20. h3 a6 21. Nh2
Kh7 22. Qd3+ g6 23. Qxa6 Nf4 24. Qf1 Ra8 25. Ne2 Nxe2+ 26. Qxe2 Rxa4 27. Rxa4
Qxa4 28. Qf3 Kg7 29. Ng4 Nxg4 30. hxg4 Qb5 31. Qe2 Qxe2 32. Rxe2 Ra8 33. f4 Kf6
34. Kf2 Ra1 35. Ke3 d5 36. Rf2 b5 37. Kd2 h5 38. gxh5 gxh5 39. Kc2 Kf5 40. Kb3
Kg4 41. Kb4 Kg3 42. Re2 Rg1 43. Kxb5 Rxg2 44. Re5 Rxb2+ 45. Kc5 Rb3 46. f5
Rxc3+ 47. Kd6 exf5 48. Rxf5 h4 49. Rxf7 h3 50. Kxd5 h2 51. Rh7 Rc1 52. Ke6 h1=Q
53. Rxh1 Rxh1 54. d5 Rh6+ 55. Ke7 Kf4 56. d6 Ke5 57. d7 Rh7+ 58. Ke8 Ke6 59.
d8=N+ Kf6 60. Nc6 Rc7 61. Nd4 Rc4 62. Nb5 Rb4 63. Nc7 Rd4 64. Nb5 Rb4 65. Nc7
Rb7 66. Kd7 Ke5 67. Kc6 Rb1 68. Nb5 Rc1+ 69. Kb6 Kd5 70. Nc7+  1/2-1/2

[Event "2. Bundesliga West 2019/20"]
[Site "Hotel Montfort, Galuragasse 7, 6800 Fekdkirch"]
[Date "2019.11.23"]
[Round "4"]
[Board "6"]
[White "Stoeckl, Norbert"]
[Black "Schnegg, Daniel"]
[Result "1/2-1/2"]
[WhiteElo "2054"]
[BlackElo "2134"]
[PlyCount "93"]
[EventDate "2019.10.04"]
[EventType "team"]
[EventRounds "11"]
[EventCountry "AUT"]
[WhiteTeam "Schwarzach"]
[BlackTeam "Absam"]

1. e4 c5 2. Nf3 d6 3. d4 cxd4 4. Qxd4 Nc6 5. Bb5 Bd7 6. Bxc6 Bxc6 7. Nc3 Nf6 8.
Bg5 Qa5 9. O-O-O h6 10. Bd2 Qc7 11. Qd3 g6 12. Nd4 Bg7 13. f4 Ng4 14. Be1 Qb6
15. h3 Bxd4 16. Qxd4 Qxd4 17. Rxd4 Nf6 18. Bh4 Nh5 19. Nd5 Bxd5 20. exd5 Kd7
21. Re1 f6 22. Rde4 Rhe8 23. g4 Ng7 24. Bf2 e5 25. dxe6+ Rxe6 26. Kd2 f5 27.
Rxe6 Nxe6 28. gxf5 gxf5 29. Be3 Rg8 30. Bxa7 Rg2+ 31. Kc3 Nxf4 32. Rf1 Nd5+ 33.
Kc4 Kc6 34. Rxf5 Rxc2+ 35. Kb3 Rh2 36. Rh5 Nf4 37. Rxh6 Rxh3+ 38. Rxh3 Nxh3 39.
Be3 Kd5 40. Kb4 Ke4 41. Bh6 Nf4 42. a4 Nd3+ 43. Kc3 Nc5 44. a5 Kd5 45. b4 b6
46. axb6 Na4+ 47. Kd3  1/2-1/2

[Event "2. Bundesliga West 2019/20"]
[Site "Hotel Montfort, Galuragasse 7, 6800 Fekdkirch"]
[Date "2019.11.24"]
[Round "5"]
[Board "3"]
[White "Rusche, Johannes"]
[Black "Wohlfahrt, Herbert"]
[Result "1/2-1/2"]
[WhiteElo "2284"]
[BlackElo "2265"]
[PlyCount "85"]
[EventDate "2019.10.04"]
[EventType "team"]
[EventRounds "11"]
[EventCountry "AUT"]
[WhiteTeam "Kufstein/Woergl"]
[BlackTeam "Pradl"]

1. e4 c5 2. c3 d5 3. exd5 Qxd5 4. d4 Nf6 5. Nf3 e6 6. Na3 a6 7. Nc4 Nbd7 8. a4
b6 9. Be2 Bb7 10. O-O cxd4 11. Qxd4 Bc5 12. Qh4 Qe4 13. Qxe4 Nxe4 14. Nfd2 Nxd2
15. Bxd2 Bd5 16. b4 Be7 17. Be3 Bf6 18. Rac1 Rb8 19. Bf4 e5 20. Be3 O-O 21. Nd6
Bb3 22. Bxa6 Bxa4 23. Bc4 g6 24. Rfe1 Be7 25. Bb5 Bxb5 26. Nxb5 Rfc8 27. Rcd1
Nf6 28. f3 Rd8 29. Rxd8+ Bxd8 30. Bh6 Nd7 31. f4 Bf6 32. Rd1 Nf8 33. Rd6 Ne6
34. fxe5 Bxe5 35. Rd5 Bf4 36. Bxf4 Nxf4 37. Rd6 Kf8 38. Kf2 Ke7 39. Kf3 Ne6 40.
Rc6 Kd7 41. Rd6+ Ke7 42. Rc6 Kd7 43. Rd6+  1/2-1/2

[Event "2. Bundesliga West 2019/20"]
[Site "Hotel Montfort, Galuragasse 7, 6800 Fekdkirch"]
[Date "2019.11.24"]
[Round "5"]
[Board "4"]
[White "Matt, Stefan"]
[Black "Neuschmied, Siegfried"]
[Result "1/2-1/2"]
[WhiteElo "2189"]
[BlackElo "2268"]
[PlyCount "98"]
[EventDate "2019.10.04"]
[EventType "team"]
[EventRounds "11"]
[EventCountry "AUT"]
[WhiteTeam "Pradl"]
[BlackTeam "Kufstein/Woergl"]

1. e4 d6 2. d4 Nf6 3. Nc3 g6 4. f3 c6 5. Be3 b5 6. Qd2 Nbd7 7. g4 Nb6 8. h4 h6
9. Nh3 Qc7 10. Be2 a6 11. a3 Bb7 12. O-O-O O-O-O 13. g5 Ng8 14. gxh6 e6 15. h5
gxh5 16. Nf4 Rxh6 17. Nxh5 Rh8 18. Bg5 Be7 19. Kb1 c5 20. dxc5 dxc5 21. Qe3
Rxd1+ 22. Nxd1 Bd6 23. Qg1 Ne7 24. Nf6 Qd8 25. Ne3 Qf8 26. Neg4 Rxh1 27. Qxh1
Nc6 28. Qh7 c4 29. Bh6 Qe7 30. Qg8+ Nd8 31. Bg5 Qf8 32. Nh6 Bc6 33. Bf1 Kb7 34.
Qxf8 Bxf8 35. Nhg4 Be7 36. Kc1 Kc8 37. Bh3 c3 38. Ne5 cxb2+ 39. Kxb2 Na4+ 40.
Ka2 Kc7 41. Ne8+ Bxe8 42. Bxe7 Nc6 43. Nxc6 Kxc6 44. Kb3 Nb6 45. f4 Kb7 46. f5
exf5 47. Bxf5 Bd7 48. Bh7 Kc6 49. Kc3 Be6  1/2-1/2

[Event "2. Bundesliga West 2019/20"]
[Site "Hotel Montfort, Galuragasse 7, 6800 Fekdkirch"]
[Date "2019.11.24"]
[Round "5"]
[Board "5"]
[White "Steinbacher, Thomas"]
[Black "Praxmarer, Christian"]
[Result "1/2-1/2"]
[WhiteElo "2143"]
[BlackElo "1968"]
[PlyCount "102"]
[EventDate "2019.10.04"]
[EventType "team"]
[EventRounds "11"]
[EventCountry "AUT"]
[WhiteTeam "Kufstein/Woergl"]
[BlackTeam "Pradl"]

1. d4 e6 2. e4 d5 3. Nc3 Bb4 4. exd5 exd5 5. Bd3 Ne7 6. Qh5 Nbc6 7. Nge2 Be6 8.
a3 Bxc3+ 9. bxc3 Qd7 10. Rb1 b6 11. Ng3 O-O-O 12. O-O g6 13. Qg5 h5 14. h4 Nf5
15. Nxf5 Bxf5 16. Bxf5 Qxf5 17. Qxf5+ gxf5 18. Bg5 Rd6 19. Rfe1 Kd7 20. Kf1 a6
21. Re3 Re6 22. Rf3 f6 23. Bc1 Rhe8 24. Be3 Ne7 25. Ke2 Re4 26. g3 f4 27. Rxf4
Rxf4 28. Bxf4 Ng6+ 29. Be3 b5 30. Kd2 Ne7 31. f3 f5 32. Bg5 Nc6 33. Re1 Na5 34.
Rxe8 Kxe8 35. Ke2 Nc4 36. Bc1 Kf7 37. g4 fxg4 38. fxg4 hxg4 39. h5 Kf6 40. Kf2
Nd6 41. Kg3 Kf5 42. h6 Ne4+ 43. Kh4 Nf6 44. Be3 c6 45. Bd2 Nh7 46. Kg3 Nf6 47.
Kg2 Kg6 48. Bf4 Ne4 49. Be3 a5 50. Kf1 a4 51. Kg2 Kh7  1/2-1/2

[Event "2. Bundesliga West 2019/20"]
[Site "Hotel Montfort, Galuragasse 7, 6800 Fekdkirch"]
[Date "2019.11.24"]
[Round "5"]
[Board "6"]
[White "Nussbaumer, Leon"]
[Black "Maltsev, Oleg"]
[Result "0-1"]
[WhiteElo "1975"]
[BlackElo "1992"]
[PlyCount "68"]
[EventDate "2019.10.04"]
[EventType "team"]
[EventRounds "11"]
[EventCountry "AUT"]
[WhiteTeam "Pradl"]
[BlackTeam "Kufstein/Woergl"]

1. e4 c5 2. Nf3 d6 3. d4 cxd4 4. Nxd4 Nf6 5. Nc3 e6 6. Bg5 Be7 7. f4 a6 8. Qf3
h6 9. Bxf6 Bxf6 10. O-O-O Qb6 11. Nb3 Qc7 12. Rd3 Bd7 13. g4 Nc6 14. a3 b5 15.
Bg2 Rc8 16. Rhd1 Be7 17. Kb1 b4 18. axb4 Nxb4 19. Rd4 Qb6 20. e5 d5 21. f5 Rb8
22. fxe6 fxe6 23. Rxb4 Bxb4 24. Nxd5 exd5 25. Qxd5 Be6 26. Qd3 O-O 27. Bd5 Bxd5
28. Qxd5+ Kh8 29. Qe4 Rbd8 30. Rxd8 Rxd8 31. e6 Be7 32. g5 Qg1+ 33. Ka2 Qxg5
34. h4 Qxh4  0-1

[Event "2. Bundesliga West 2019/20"]
[Site "Hotel Montfort, Galuragasse 7, 6800 Fekdkirch"]
[Date "2019.11.24"]
[Round "5"]
[Board "1"]
[White "Schlosser, Philipp"]
[Black "Srienz, Christian"]
[Result "1/2-1/2"]
[WhiteElo "2514"]
[BlackElo "2177"]
[PlyCount "109"]
[EventDate "2019.10.04"]
[EventType "team"]
[EventRounds "11"]
[EventCountry "AUT"]
[WhiteTeam "Jenbach 2"]
[BlackTeam "SK Hoerbranz"]

1. Nf3 Nf6 2. c4 e6 3. g3 d5 4. Bg2 Be7 5. d4 O-O 6. Nc3 dxc4 7. Ne5 Qd6 8. O-O
Qa6 9. a4 Ne8 10. Nb5 Bd7 11. Na3 Bxa4 12. Bxb7 Bxd1 13. Bxa6 Nxa6 14. Rxd1 Nd6
15. Nc6 Bf6 16. Nxc4 Nb4 17. N4a5 Nxc6 18. Nxc6 a6 19. Bf4 g5 20. Bd2 Kg7 21.
Ra4 h6 22. Rda1 Nf5 23. Bc3 Ne7 24. Nxe7 Bxe7 25. Rxa6 Rxa6 26. Rxa6 Bd6 27. e4
Rb8 28. Rc6 Rb7 29. d5+ e5 30. f4 gxf4 31. gxf4 f6 32. fxe5 fxe5 33. Kg2 Rb8
34. Rc4 Kg6 35. Kf3 Kh5 36. Ba5 Rb3+ 37. Rc3 Rxb2 38. Bxc7 Bxc7 39. Rxc7 Rb3+
40. Ke2 Kg4 41. d6 Rb4 42. Ke3 Rb3+ 43. Kd2 Rb6 44. d7 Rd6+ 45. Ke3 h5 46. Rc5
Rxd7 47. Rxe5 Rf7 48. h3+ Kh4 49. Rf5 Rh7 50. Rf3 Ra7 51. e5 Kg5 52. h4+ Kxh4
53. Kf4 Rf7+ 54. Ke4 Rxf3 55. Kxf3  1/2-1/2

[Event "2. Bundesliga West 2019/20"]
[Site "Hotel Montfort, Galuragasse 7, 6800 Fekdkirch"]
[Date "2019.11.24"]
[Round "5"]
[Board "2"]
[White "Schmidlechner, Alexander"]
[Black "Fedorovsky, Michael"]
[Result "1/2-1/2"]
[WhiteElo "2152"]
[BlackElo "2434"]
[PlyCount "65"]
[EventDate "2019.10.04"]
[EventType "team"]
[EventRounds "11"]
[EventCountry "AUT"]
[WhiteTeam "SK Hoerbranz"]
[BlackTeam "Jenbach 2"]

1. d4 Nf6 2. c4 e6 3. Nf3 d5 4. Nc3 Be7 5. Bf4 O-O 6. e3 Nbd7 7. a3 c5 8. cxd5
Nxd5 9. Nxd5 exd5 10. dxc5 Nxc5 11. Be5 Bg4 12. Be2 Bf6 13. Bxf6 Qxf6 14. Qd4
Ne4 15. Qxf6 Nxf6 16. Nd4 Rfc8 17. Bxg4 Nxg4 18. Ke2 Rc4 19. Rad1 g6 20. Rd2 a6
21. f3 Ne5 22. Rhd1 Rac8 23. f4 Ng4 24. Kf3 Nf6 25. Ne2 Re8 26. Nc3 Ne4 27.
Nxe4 Rcxe4 28. Rd3 f5 29. R1d2 R8e7 30. Re2 Rd7 31. Red2 Rde7 32. Re2 Rd7 33.
Red2  1/2-1/2

[Event "2. Bundesliga West 2019/20"]
[Site "Hotel Montfort, Galuragasse 7, 6800 Fekdkirch"]
[Date "2019.11.24"]
[Round "5"]
[Board "3"]
[White "Pali, Philipp"]
[Black "Cepo, Toni"]
[Result "1/2-1/2"]
[WhiteElo "2249"]
[BlackElo "2141"]
[PlyCount "69"]
[EventDate "2019.10.04"]
[EventType "team"]
[EventRounds "11"]
[EventCountry "AUT"]
[WhiteTeam "Jenbach 2"]
[BlackTeam "SK Hoerbranz"]

1. c4 e5 2. g3 Nf6 3. Bg2 d5 4. cxd5 Nxd5 5. Nc3 Ne7 6. Nf3 Nbc6 7. d4 Nxd4 8.
Nxe5 c6 9. O-O Ng6 10. Be3 Nxe5 11. Bxd4 Nc4 12. b3 Nb6 13. e4 Be6 14. f4 Bg4
15. Bf3 Bxf3 16. Rxf3 Qd7 17. Rd3 Rd8 18. Bxg7 Qxd3 19. Qxd3 Rxd3 20. Bxh8 Rd2
21. Rd1 Bc5+ 22. Kh1 Rc2 23. Rd3 Nd7 24. e5 Be7 25. Re3 Bc5 26. Rd3 Be7 27. Rf3
b5 28. a4 a6 29. Ne4 bxa4 30. bxa4 Rc4 31. Nc3 Bb4 32. Ne2 Re4 33. Nc3 Rc4 34.
Ne2 Re4 35. Nc3  1/2-1/2

[Event "2. Bundesliga West 2019/20"]
[Site "Hotel Montfort, Galuragasse 7, 6800 Fekdkirch"]
[Date "2019.11.24"]
[Round "5"]
[Board "4"]
[White "Weidel, Albrecht"]
[Black "Binder, Moriz"]
[Result "0-1"]
[WhiteElo "2136"]
[BlackElo "2197"]
[PlyCount "104"]
[EventDate "2019.10.04"]
[EventType "team"]
[EventRounds "11"]
[EventCountry "AUT"]
[WhiteTeam "SK Hoerbranz"]
[BlackTeam "Jenbach 2"]

1. d4 Nf6 2. c4 e6 3. Nf3 d5 4. Nc3 Bb4 5. Bg5 h6 6. Bxf6 Qxf6 7. e3 O-O 8. Bd3
dxc4 9. Bxc4 c5 10. O-O cxd4 11. exd4 Rd8 12. Ne4 Qf4 13. Qe2 Nc6 14. Rfd1 Bf8
15. Bb5 Bd7 16. Nc5 Nxd4 17. Nxd4 Bxc5 18. Nf3 Bxb5 19. Qxb5 Qb4 20. Qe2 Be7
21. Rac1 Rxd1+ 22. Rxd1 Rd8 23. Rxd8+ Bxd8 24. Ne5 Bc7 25. Nd3 Qd4 26. h3 Qd6
27. Kf1 Bb6 28. Qe4 Qd4 29. Qxd4 Bxd4 30. Ke2 Kf8 31. f4 Ke7 32. Kf3 f5 33. b3
Kd6 34. g4 g6 35. gxf5 exf5 36. Ke2 Kd5 37. Kf3 Bc3 38. Ke3 g5 39. Kf3 Bf6 40.
fxg5 hxg5 41. Ke3 Bd4+ 42. Kf3 Bb6 43. Nb2 Kd4 44. Nc4 Bc7 45. Ne3 f4 46. Nf5+
Kc3 47. Kg4 Kb2 48. Kxg5 f3 49. h4 f2 50. Ne3 Kxa2 51. h5 Kxb3 52. h6 Bb6  0-1

[Event "2. Bundesliga West 2019/20"]
[Site "Hotel Montfort, Galuragasse 7, 6800 Fekdkirch"]
[Date "2019.11.24"]
[Round "5"]
[Board "5"]
[White "Micheli, Carlo"]
[Black "Goetz, Siegmar"]
[Result "1-0"]
[WhiteElo "2212"]
[BlackElo "2063"]
[PlyCount "25"]
[EventDate "2019.10.04"]
[EventType "team"]
[EventRounds "11"]
[EventCountry "AUT"]
[WhiteTeam "Jenbach 2"]
[BlackTeam "SK Hoerbranz"]

1. c4 e5 2. g3 Bc5 3. Bg2 Nc6 4. Nc3 d6 5. d3 Be6 6. Nf3 Qd7 7. Ng5 Bf5 8. a3
f6 9. Nge4 Bb6 10. Nd5 Bh3 11. O-O h5 12. e3 Nge7 13. Nexf6+  1-0

[Event "2. Bundesliga West 2019/20"]
[Site "Hotel Montfort, Galuragasse 7, 6800 Fekdkirch"]
[Date "2019.11.24"]
[Round "5"]
[Board "6"]
[White "Hehle, Bernhard"]
[Black "Hoellrigl, Wilfried"]
[Result "0-1"]
[WhiteElo "1962"]
[BlackElo "2216"]
[PlyCount "83"]
[EventDate "2019.10.04"]
[EventType "team"]
[EventRounds "11"]
[EventCountry "AUT"]
[WhiteTeam "SK Hoerbranz"]
[BlackTeam "Jenbach 2"]

1. e4 c5 2. Nc3 Nc6 3. Bb5 g6 4. f4 Bg7 5. Bxc6 dxc6 6. Nf3 Nf6 7. d3 Qc7 8.
O-O Bg4 9. h3 Bxf3 10. Qxf3 O-O-O 11. a4 Nd7 12. e5 f5 13. Be3 e6 14. a5 g5 15.
g3 h5 16. Qf2 h4 17. Ra4 hxg3 18. Qxg3 gxf4 19. Bxf4 Rdg8 20. Kf2 Bxe5 21. Bxe5
Nxe5 22. Qe3 Nd7 23. Ne2 e5 24. b4 f4 25. Qf3 Qd6 26. a6 b5 27. bxc5 Nxc5 28.
Ra3 e4 29. dxe4 Re8 30. e5 Rxe5 31. Rd1 Qh6 32. Rd4 Rf8 33. Rc3 Kc7 34. Rb4 Re3
35. Qg4 Rxc3 36. Nxc3 f3 37. Rd4 Kb6 38. Na2 Qh7 39. Nb4 Qc7 40. Nd3 Qe7 41.
Kg1 Nxd3 42. Rxd3  0-1

[Event "2. Bundesliga West 2019/20"]
[Site "Hotel Montfort, Galuragasse 7, 6800 Fekdkirch"]
[Date "2019.11.24"]
[Round "5"]
[Board "1"]
[White "Hoefelsauer, Thomas"]
[Black "Barseghyan, Harutyun"]
[Result "0-1"]
[WhiteElo "2365"]
[BlackElo "2500"]
[PlyCount "60"]
[EventDate "2019.10.04"]
[EventType "team"]
[EventRounds "11"]
[EventCountry "AUT"]
[WhiteTeam "Wolfurt"]
[BlackTeam "Sparkasse Neumarkt"]

1. c4 c5 2. Nf3 Nc6 3. Nc3 e5 4. g3 g6 5. Bg2 Bg7 6. O-O d6 7. d3 Nge7 8. Bg5
f6 9. Bd2 Be6 10. a3 O-O 11. Rb1 a5 12. e4 f5 13. Ng5 Bd7 14. f4 h6 15. Nf3 Rb8
16. Be3 fxe4 17. dxe4 Nd4 18. Qd2 Be6 19. Nd5 Nxd5 20. cxd5 Bg4 21. Rf2 Kh7 22.
h3 Bxf3 23. Bxf3 exf4 24. gxf4 Nxf3+ 25. Rxf3 Qe7 26. Qd3 Rbe8 27. Bd2 Qxe4 28.
Qxe4 Rxe4 29. Re1 Rxe1+ 30. Bxe1 a4  0-1

[Event "2. Bundesliga West 2019/20"]
[Site "Hotel Montfort, Galuragasse 7, 6800 Fekdkirch"]
[Date "2019.11.24"]
[Round "5"]
[Board "2"]
[White "Farkas, Richard"]
[Black "Neuberger, Guido"]
[Result "1/2-1/2"]
[WhiteElo "2280"]
[BlackElo "2246"]
[PlyCount "75"]
[EventDate "2019.10.04"]
[EventType "team"]
[EventRounds "11"]
[EventCountry "AUT"]
[WhiteTeam "Sparkasse Neumarkt"]
[BlackTeam "Wolfurt"]

1. e4 e6 2. d3 d5 3. Nd2 Nc6 4. Ngf3 Nf6 5. g3 dxe4 6. dxe4 Bc5 7. Bg2 O-O 8.
O-O e5 9. h3 a5 10. c3 b6 11. Qa4 Bb7 12. Re1 Qe7 13. Nh4 g6 14. Nf1 Rfd8 15.
Bg5 Rd3 16. Ne3 Bxe3 17. Bxe3 Kg7 18. Rad1 Rad8 19. Qc2 Rxd1 20. Rxd1 Rxd1+ 21.
Qxd1 Qd8 22. Qxd8 Nxd8 23. f3 Ba6 24. Bf1 Bxf1 25. Kxf1 Nd7 26. Ke2 Nb7 27. Ng2
Kf6 28. Bf2 Ke6 29. Ne3 c6 30. b4 axb4 31. cxb4 b5 32. Kd3 Nd6 33. Nd1 f5 34.
Nc3 fxe4+ 35. fxe4 Nf6 36. g4 g5 37. Be3 h6 38. Bc1  1/2-1/2

[Event "2. Bundesliga West 2019/20"]
[Site "Hotel Montfort, Galuragasse 7, 6800 Fekdkirch"]
[Date "2019.11.24"]
[Round "5"]
[Board "3"]
[White "Donev, Ivo"]
[Black "Burrer, Fabian"]
[Result "0-1"]
[WhiteElo "2319"]
[BlackElo "2123"]
[PlyCount "106"]
[EventDate "2019.10.04"]
[EventType "team"]
[EventRounds "11"]
[EventCountry "AUT"]
[WhiteTeam "Wolfurt"]
[BlackTeam "Sparkasse Neumarkt"]

1. e4 c5 2. Nc3 Nc6 3. g3 g6 4. Bg2 Bg7 5. d3 d6 6. Be3 Rb8 7. f4 e6 8. Nf3 Nd4
9. O-O Ne7 10. Qd2 O-O 11. Rae1 b5 12. a3 a5 13. Nh4 b4 14. axb4 axb4 15. Nd1
Bd7 16. c3 bxc3 17. bxc3 Nb3 18. Qa2 Qb6 19. Nf3 Ra8 20. Qb2 Rfb8 21. e5 Nd5
22. Bf2 Qa6 23. c4 Ne7 24. Nc3 Bc6 25. Nb5 Na5 26. Qe2 Bxb5 27. cxb5 Rxb5 28.
exd6 Qxd6 29. Nd4 Bxd4 30. Bxa8 Rb2 31. Qf3 Rb8 32. Rb1 Nb3 33. Rfd1 Kg7 34.
Qe4 Nd2 35. Bxd4+ cxd4 36. Rxd2 Rxb1+ 37. Kf2 Nf5 38. Kf3 Rf1+ 39. Rf2 Rd1 40.
Ra2 Rf1+ 41. Ke2 Qb4 42. Kxf1 Qb1+ 43. Kg2 Qxa2+ 44. Kh3 Qb1 45. Qe2 Ne3 46.
Be4 f6 47. Bg2 h5 48. Bf3 e5 49. fxe5 fxe5 50. Be4 Qc1 51. Kh4 Qc8 52. Bxg6
Qd8+ 53. Kxh5 Qh8+  0-1

[Event "2. Bundesliga West 2019/20"]
[Site "Hotel Montfort, Galuragasse 7, 6800 Fekdkirch"]
[Date "2019.11.24"]
[Round "5"]
[Board "4"]
[White "Egger, Martin"]
[Black "Janko, Ladislav"]
[Result "0-1"]
[WhiteElo "2007"]
[BlackElo "2184"]
[PlyCount "82"]
[EventDate "2019.10.04"]
[EventType "team"]
[EventRounds "11"]
[EventCountry "AUT"]
[WhiteTeam "Sparkasse Neumarkt"]
[BlackTeam "Wolfurt"]

1. e4 c5 2. Nf3 d6 3. d4 cxd4 4. Nxd4 Nf6 5. Nc3 g6 6. Be3 Bg7 7. f3 O-O 8. Qd2
Nc6 9. O-O-O Bd7 10. g4 Qa5 11. h4 Rac8 12. Kb1 Ne5 13. Nd5 Qd8 14. Nxf6+ Bxf6
15. h5 Nc4 16. Bxc4 Rxc4 17. hxg6 fxg6 18. Nf5 Be6 19. Qh2 h5 20. Nh6+ Kh7 21.
gxh5 g5 22. Nf5 Ra4 23. a3 Bxf5 24. exf5 Qa5 25. Qd2 Qb5 26. c3 Rxa3 27. Bd4
Bxd4 28. Qxd4 Qxf5+ 29. Qe4 Qxe4+ 30. fxe4 Ra5 31. Rd2 Re5 32. Re2 Rf4 33. Rhe1
Kh6 34. Kc2 Kxh5 35. Kd3 g4 36. Rg2 Rf3+ 37. Kd4 g3 38. Rh1+ Kg4 39. Rh7 Rg5
40. Rxe7 Kh3 41. Re2 g2  0-1

[Event "2. Bundesliga West 2019/20"]
[Site "Hotel Montfort, Galuragasse 7, 6800 Fekdkirch"]
[Date "2019.11.24"]
[Round "5"]
[Board "5"]
[White "Bischofberger, Dario"]
[Black "Preundler, Stefan"]
[Result "1-0"]
[WhiteElo "2152"]
[BlackElo "1929"]
[PlyCount "103"]
[EventDate "2019.10.04"]
[EventType "team"]
[EventRounds "11"]
[EventCountry "AUT"]
[WhiteTeam "Wolfurt"]
[BlackTeam "Sparkasse Neumarkt"]

1. d4 Nf6 2. c4 g6 3. g3 d5 4. Bg2 Bg7 5. Nf3 O-O 6. O-O dxc4 7. Na3 c3 8. bxc3
c5 9. Nc4 Nc6 10. Nfe5 Nxe5 11. Nxe5 Ng4 12. Nf3 Nf6 13. Bf4 Nd5 14. Bd2 cxd4
15. cxd4 Nb6 16. Bf4 Nd5 17. Bg5 h6 18. Bd2 Kh7 19. e3 Be6 20. Qe2 Rc8 21. Rfc1
Qd6 22. Qb5 Qd7 23. Qxd7 Bxd7 24. Ng5+ hxg5 25. Bxd5 Bc6 26. Bxc6 Rxc6 27. Rxc6
bxc6 28. Bb4 Bf6 29. Rc1 Rb8 30. a3 Rb6 31. Rc5 e5 32. dxe5 Be7 33. Rc4 Bxb4
34. axb4 Kg7 35. Kg2 Rb5 36. e6 f5 37. Rxc6 Rxb4 38. Rc7+ Kf6 39. e7 Re4 40.
Rxa7 Rxe7 41. Rxe7 Kxe7 42. f3 Ke6 43. Kf2 Ke5 44. Ke2 Ke6 45. h3 Ke5 46. Kd3
Kd5 47. e4+ Ke5 48. Ke3 f4+ 49. gxf4+ gxf4+ 50. Kd3 Ke6 51. Kd4 Kd6 52. e5+  1-0